| 000 | 00992cam a2200325 a 4500 | ||
|---|---|---|---|
| 001 | 4520 | ||
| 003 | FISKH | ||
| 005 | 20240913082349.0 | ||
| 008 | 100827s2011 nyua b 000 1 eng | ||
| 010 | _a 2010031381 | ||
| 020 | _a9780545381307 | ||
| 020 | _a9780545312868 | ||
| 040 |
_aDLC _cDLC _dDLC _beng |
||
| 050 | _aPZ7.A7379 | ||
| 082 | _a813.6 | ||
| 100 | 1 | _aArnold, Tedd. | |
| 245 | 1 | 0 |
_aFly Guy vs. the fly swatter / _cTedd Arnold. |
| 246 | 3 | _aFly Guy versus the fly swatter | |
| 260 |
_aNew York : _bCartwheel Books, _c2011. |
||
| 300 |
_a30 pages : _bcolor illustrations ; _c23 cm |
||
| 505 | _aG | ||
| 520 | _aFly Guy unintentionally joins Buzz at school, and then goes with his class on a field trip to a fly swatter factory. | ||
| 521 | 8 |
_a420
_bLexile |
|
| 521 | 8 |
_aG
_bRaz-Plus |
|
| 650 | 1 |
_aFlies _vFiction. |
|
| 650 | 1 |
_aSchool field trips _vFiction. |
|
| 906 |
_a7 _bcbc _corignew _d1 _eecip _f20 _gy-gencatlg |
||
| 942 |
_2ddc _cBK _n0 |
||
| 999 |
_c4520 _d4520 |
||